书目信息 |
| 题名: |
装配式建筑100问
|
|
| 作者: | 周慧敏 , 代婧 主编 ;金茂慧创建筑科技公司 编著 | |
| 分册: | ||
| 出版信息: | 北京 中国建筑工业出版社 2021.03 |
|
| 页数: | 168页 | |
| 开本: | 23cm | |
| 丛书名: | 装配式建筑系列丛书 | |
| 单 册: | ||
| 中图分类: | TU3 | |
| 科图分类: | ||
| 主题词: | 装配式构件--zhuang pei shi gou jian--基本知识 | |
| 电子资源: | ||
| ISBN: | 978-7-112-25512-2 | |
| 000 | 01062nam 2200277 450 | |
| 001 | 202021190387 | |
| 005 | 20211025120124.0 | |
| 010 | @a978-7-112-25512-2@dCNY49.00 | |
| 100 | @a20210919d2021 em y0chiy50 ea | |
| 101 | 0 | @achi |
| 102 | @aCN@b110000 | |
| 105 | @aa z 000yy | |
| 106 | @ar | |
| 200 | 1 | @a装配式建筑100问@Azhuang pei shi jian zhu 100 wen@f金茂慧创建筑科技有限公司编著@g周慧敏, 代婧主编 |
| 210 | @a北京@c中国建筑工业出版社@d2021.03 | |
| 215 | @a168页@c图@d23cm | |
| 225 | 2 | @a装配式建筑系列丛书@Azhuang pei shi jian zhu xi lie cong shu |
| 330 | @a本书内容包括: 装配式建筑通识、国家装配式建筑评价标准的解读、设计相关问题、工程相关问题、成本相关问题、招标采购相关问题、营销相关问题。 | |
| 410 | 0 | @12001 @a装配式建筑系列丛书 |
| 606 | 0 | @a装配式构件@Azhuang pei shi gou jian@x基本知识 |
| 690 | @aTU3@v5 | |
| 701 | 0 | @a周慧敏@Azhou hui min@4主编 |
| 701 | 0 | @a代婧@Adai jing@4主编 |
| 712 | 02 | @a金茂慧创建筑科技公司@Ajin mao hui chuang jian zhu ke ji gong si@4编著 |
| 801 | 0 | @aCN@c20210909 |
| 905 | @a河南城建学院图书馆@dTU3@eZ764 | |
| 装配式建筑100问/金茂慧创建筑科技有限公司编著/周慧敏, 代婧主编.-北京:中国建筑工业出版社,2021.03 |
| 168页:图;23cm.-(装配式建筑系列丛书) |
| ISBN 978-7-112-25512-2:CNY49.00 |
| 本书内容包括: 装配式建筑通识、国家装配式建筑评价标准的解读、设计相关问题、工程相关问题、成本相关问题、招标采购相关问题、营销相关问题。 |
| ● |
| 相关链接 |
|
|
|
正题名:装配式建筑100问
索取号:TU3/Z764
 
预约/预借
| 序号 | 登录号 | 条形码 | 馆藏地/架位号 | 状态 | 备注 |
| 1 | 1539819 | 215398193 | 建筑库101/101建筑库 75排2列5层/ [索取号:TU3/Z764] | 在馆 | |
| 2 | 1539820 | 215398200 | 建筑库101/101建筑库 75排2列5层/ [索取号:TU3/Z764] | 在馆 |